000 00598nam a2200229 i 4500
001 C2-0242598
003 PPAK
005 20180727204545.0
008 021001s2001 my |||| ||||| | may d
020 _a9832386101
040 _aPPAK
_beng
_cPPAK
_erda
082 0 4 _a499.283
_223
090 0 0 _a499.283
_bKAM
_dR
245 0 0 _aKamus Za'ba
264 1 _a[Selangor] :
_bPustaka Antara ,
_c2001
300 _axx, 1265 pages ;
_c22 cm
336 _2rdacontent
_atext
337 _2rdamedia
_aunmediated
338 _2rdacarrier
_avolume
650 1 0 _aMalay language - Dictionaries
942 _ddc
_cB
999 _c57334
_d57334